000 00733nam a22002177a 4500
003 UA-OsUOA
001 101424
007 ta
008 20130617b un ||||| |||| 00| 0 ukr d
100 _aНовоставська О.
090 _a82
_bН76
942 _cSA
040 _aUA-OsUOA
_bukr
_cUA-OsUOA
_dUA-OsUOA
245 _aПараигматичні відношення (синонімія та антонімія) у філософській термінології творів Івана Франка
300 _aС.68-76
955 _a0
041 _aukr
080 _a82
773 0 _w101422
_tУкраїнська мова
_dК.
_d2013
_g2
650 7 _a82 Література. Літературознавство
_2UDC
999 _c388044
_d388044